000 01022nam a2200265Ia 4500
003 OSt
005 20220923211306.0
006 a|||||r|||| 00| 0
007 ta
008 220922b |||||||| |||| 00| 0 hin d
020 _a9788179652350 (hbk)
_c595
024 _a289,293
037 _b386, 16/03/2016, Eastern Book Linkers
_cTextual
040 _aARTS
_cARTS
_bhin
041 _2hin
_ahin
082 _aO152,2:g(W:5), Q3
100 _aशर्मा, मुनीश
_9156290
245 0 _aहिन्दी नाटक
_b मानवाधिकारों की रंगभूमि
246 _aHindī nāṭaka: mānavādhikāroan kī rangabhūmi
260 _aनई दिल्ली
_b तक्षशिला प्रकाशन
_c2013
300 _a304पृ.
_ccm.
650 _aहिन्दी साहित्य
_9156264
942 _hO152,2:g(W:5), Q3
_cTEXL
_2CC
999 _c298182
_d298182